Представление документа в формате MARC21

Поле Инд. ПП Название Значение
Тип записи a
Библиографический уровень m
001 Контрольный номер RU/LIBMSTU/381399388
005 Дата корректировки 20200528114130.4
008 Кодируемые данные 120203|||||||||ru |||||||||||000|||rus||
020 a ISBN 978-5-86476-310-0
040 b Код языка каталог. rus
041 0_ a Код языка текста rus
084 a Индекс другой классификации/Индекс ББК 65.26+65.9(2Рос)-983
090 a Полочн. индекс 65.26
x Авторский знак С 59
100 1_ a Автор Соколов Ю. А.
245 10 a Заглавие Финансовая безопасность экономических систем
b Продолж. заглавия монография
260 a Место издания Москва
b Издательство Анкил
c Дата издания 2010
300 a Объем 263 с.
b Иллюстрации/ тип воспроизводства ил.
504 a Библиография Библиогр.: с. 240-249
650 04 a Основная рубрика Экономическая безопасность-Российская Федерация
653 0_ a Ключевые слова Безопасность банковских систем
a Ключевые слова Бюджетная система
a Ключевые слова Инновационные стратегии
a Ключевые слова Налоговые системы
a Ключевые слова Риск-менеджмент
a Ключевые слова Риски экономические
a Ключевые слова Рынки финансовые
a Ключевые слова Рынки фондовые
a Ключевые слова Управление рисками
a Ключевые слова Финансовая безопасность
a Ключевые слова Экономическая безопасность
a Ключевые слова Монографии
901 t Тип документа m
952 c Вид литературы монография